00454nam a2200145Ia 4500001001000000003000500010008004100015010001100056040000900067110004500076245007300121260003100194300002100225650006200246Para_2899CHAP220125s1987 xx 000 0 und d a201432 cCHAP aBayer de México. División Agrícola aBaytroid :b contra plagas del algodonero /c por Bayer de México aMéxico, D. F. :b Bayer ahoja desplegable aPiretro como insecticida Pesticidas Algodón x Plagas